000 00778cab a2200253 4500
001 ABS54203
008 090401t1995 xxu||||| |||| 00| 0 eng d
035 _a(Sirsi) u8998
041 _aeng
100 _aBox, A.
245 _aExpert advice for managing cases
260 _c1995
350 _a0
490 _aContract Journal
_v381(6053) 30 November 1995, 24(1)
520 _aExplains how having a case manager for construction litigation cases can avoid wasting time and money. Outlines ways in which a more satisfactory result can be achieved.
650 _aCASE MANAGEMENT
650 _aCONSTRUCTION DISPUTES
650 _aLITIGATION
650 _aMANAGEMENT-PROJECT MANAGEMENT
690 _aLAW
700 _aMasson, D.
942 _n0
948 _c04/03/1997
999 _c5575
_d5575